000 00391nam a2200145Ia 4500
008 191206s9999 xx 000 0 und d
020 _a0198730985 :
090 _aD157.M38
245 0 _aCrusaders
250 _a2nd ed.
260 _aOxford University Press
260 _cc1988
300 _a"ix, 354 p. : maps ; 23 cm."
999 _c15761
_d15761